UBT Library

Basic investments / (Record no. 240)

000 -LEADER
fixed length control field 00657nam a22002417a 4500
001 - CONTROL NUMBER
control field 13931207
005 - DATE AND TIME OF LATEST TRANSACTION
control field 20131106101121.0
008 - FIXED-LENGTH DATA ELEMENTS--GENERAL INFORMATION
fixed length control field 050415s2006 ohua b 001 0 eng
020 ## - INTERNATIONAL STANDARD BOOK NUMBER
International Standard Book Number 0324319568
041 0# - LANGUAGE CODE
Language code of text/sound track or separate title eng
080 ## - UNIVERSAL DECIMAL CLASSIFICATION NUMBER
Universal Decimal Classification number 330.322
100 1# - Rafti
Rafti Mayo, Herbert B.
245 10 - TITLE STATEMENT
Title Basic investments /
Statement of responsibility, etc Herbert Mayo.
250 ## -
-- 1e [ed.]
260 ## -
-- Mason, Ohio :
-- Thomson/South-Western,
-- 2006.
300 ## -
-- 500 f. :
-- me ill. ;
-- 27 cm.
440 #0 -
-- Series in finance
500 ## -
-- Preface = Parathënie : f. [XVII] - XX
500 ## -
-- Index : f. 491 - 500
650 #0 -
-- Investimet
650 #0 -
-- Analiza e investimeve
942 ## - ADDED ENTRY ELEMENTS (KOHA)
Source of classification or shelving scheme
Item type Books
Holdings
Withdrawn status Lost status Source of classification or shelving scheme Damaged status Not for loan Collection code Permanent location Current location Shelving location Date acquired Total Checkouts Full call number Barcode Date last seen Koha item type
          Koleksioni i përgjithshem UBT - Prishtine UBT - Prishtine Koleksioni i përgjithshem 11/06/2013   330.322 MAY 001-000276 11/06/2013 Books
          Koleksioni i përgjithshem UBT - Prishtine UBT - Prishtine Koleksioni i përgjithshem 11/06/2013   330.322 MAY 001-000277 11/06/2013 Books
UBT Library © 2015-2024. All rights reserved University Education for Business and Technology